000 00556nam a2200229Ia 4500
003 OSt
005 20220924133055.0
006 a|||||r|||| 00| 0
007 ta
008 220923b |||||||| |||| 00| 0 ben d
024 _a256675
037 _cTextual
040 _aARTS
_cARTS
_bben
041 _2ben
_aben
082 _aQ2wM09, 157J6
100 _aRoysundari
_9205576
245 0 _aAmar jivan
260 _c1956
650 _aBENGALI LITERATURE
942 _hQ2wM09, 157J6
_cTEXL
_2CC
999 _c432508
_d432508